mysqli: Table './ulib62015/stat_globaluid' is marked as crashed and should be repaired
select id from stat_globaluid where statuid='20260518003845_4939'
mysqli: Table './ulib62015/stat_globaluid' is marked as crashed and should be repaired
DELETE FROM stat_globaluid
WHERE id NOT IN (
SELECT id
FROM (
SELECT id
FROM stat_globaluid
ORDER BY id DESC
LIMIT 100
) foo
);
mysqli: Table './ulib62015/stat_globaluid' is marked as crashed and should be repaired
insert into stat_globaluid set
statuid='20260518003845_4939',
dt='1779039525',
phpself='/ULIB62015/dublinfull.php',
agent='Mozilla/5.0 AppleWebKit/537.36 (KHTML, like Gecko; compatible; ClaudeBot/1.0; +claudebot@anthropic.com)',
yea='2026',
mon='5',
dat='18',
ip='216.73.216.45'
mysqli: Table './ulib62015/stathist_viewbib_bib_type' is marked as crashed and should be repaired
insert into stathist_viewbib_bib_type set
dat='18' ,
mon='05' ,
yea='2026' ,
statuid='20260518003845_4939' ,
head='32436' ,
foot='marc' ,
dt='1779039525'
| LEADER : 00000nam 2200000uu 4500 |
| 008 100709s||||||||th 000 0 tha d |
| 020 ^a978-616-90278-0-5
|
| 082 0 ^aT385^bอ875
|
| 100 0 ^aเอกเทพ กักดีศิริมงคล
|
| 245 ^aPhotoshop cs4 Hot Trick แต่งภาพสวยง่าย ๆ ได้อย่างมืออาชีพ
|
| 260 ^aกรุงเทพฯ:^bอินทริโอ,^c2552.
|
| 300 ^a272 หน้า.
|
| 945 ^p179^l0^i013936
|
| 945 ^p0^l0^i013937
|
| 945 ^p0^l0^i013938
|
| 945 ^p0^l0^i013939 |
| 999 ^alib
|
| คุณยังไม่ได้ล็อกอิน คุณสามารถมีกิจกรรมร่วมกับเว็บไซต์ได้ แต่ต้องล็อกอินก่อน :: |
|
|
|
|
ยังไม่เคยถูกคอมเมนท์
|
| คอมเมนท์ทรัพยากรรายการนี้ |
|